00913nam a2200205 a 450000100060000000300090000600800410001502000130005604000280006911000140009724500260011126000530013730000130019049000230020350000230022650504160024965000180066565000110068365000130069414373CO-ViMGA141112s2004 ck r 000 u spa d a11352817 aCO-ViMGAbspacCO-ViMGA aWANCEULEN10aFUTBOL CARTILLA - 6o. aSevilla.España.Editorial deportiva S, cL.1996 a64.p.il. aCuadernos tecnicos aFecha : DIC - 1996 aFuera de juego : Propuesta metodológica de trabajo a nivel de ataque Fuera de juego : Propuesta metodológica de trabajo a nivel defensivo. Análisis táctico - defensivo del fuera de juego directo e indirecto Desarrollo del trabajo practico para equipos cadetes III El deporte escolar La estructura energética y condicional del fútbol II Anemia del deportista : Detección, actuaciones y adaptaciones14aENTRENAMIENTO14aFUTBOL14aTECNICAS